000 00216nam a22000857a 4500
008 170526b xxu||||| |||| 00| 0 eng d
100 _93124
_aBhattacharya.B.
245 _aGandhi the Writer
260 _aNew delhi
_bNBIT
_c2002
999 _c6412
_d6412